European Society as a Legal Form of Business from the View of Value Added Tax
Analýza vývoja daňovej sadzby sa uskutočnila zvážením toho, ktorá európska krajina je vhodná na umiestnenie Európskej spoločnosti z hľadiska daňovej optimalizácie. Výsledky analýzy boli porovnané z hľadiska daňovej sadzby pre právnickú osobu a objemu DPH dane na Slovensku a v iných krajinách EÚ, kd...
Saved in:
| Main Author: | |
|---|---|
| Other Authors: | , , |
| Format: | Book Chapter |
| Language: | English |
| Subjects: | |
| Tags: |
No Tags, Be the first to tag this record!
|
MARC
| LEADER | 00000naa a2200000 4500 | ||
|---|---|---|---|
| 001 | 0250721 | ||
| 005 | 20240502074023.7 | ||
| 041 | 0 | |a eng | |
| 044 | |a SK | ||
| 245 | 1 | 0 | |a European Society as a Legal Form of Business from the View of Value Added Tax |c Eva Manová, Katarína Čulková, Jana Simonidesová, Adriana Csikósová |
| 520 | |a Analýza vývoja daňovej sadzby sa uskutočnila zvážením toho, ktorá európska krajina je vhodná na umiestnenie Európskej spoločnosti z hľadiska daňovej optimalizácie. Výsledky analýzy boli porovnané z hľadiska daňovej sadzby pre právnickú osobu a objemu DPH dane na Slovensku a v iných krajinách EÚ, kde sme hľadali, pre ktorú krajinu EÚ je vhodné umiestňovanie Európskej spoločnosti z hľadiska daňovej optimalizácie. | ||
| 610 | 2 | 0 | |a Európska únia |
| 610 | 2 | 0 | |a Európsky ekonomický priestor |
| 610 | 2 | 0 | |a dane |
| 610 | 2 | 0 | |a optimalizácia daňová |
| 610 | 2 | 0 | |a hodnota pridaná |
| 610 | 2 | 0 | |a efektívnosť ekonomická |
| 610 | 2 | 0 | |a spoločnosť Európska |
| 100 | 1 | |a Manová, Eva, 1957- | |
| 700 | 1 | |a Čulková, Katarína | |
| 700 | 1 | |a Simonidesová, Jana, 1968- | |
| 700 | 1 | |a Csikósová, Adriana | |